Miasta w europejskich obszarach gospodarczych na mapie - Statystyki

Ogólne statystyki
  • Ten quiz został rozwiązany 66 razy
    40 od ostatniego zresetowania
  • Średni wynik to 53 z 84
Odpowiedzi na mapie
Odpowiedzi zakodowano w zielono-czerwonej skali na mapie do tego quizu, zgodnie z poniższymi procentami.
 
Statystyki odpowiedzi
Region Populacja Miasto % Poprawnych
Zielony Banan 2 030 000 Wiedeń
97%
Zielony Banan 1 690 000 Budapeszt
95%
Zielony Banan 487 000 Gdańsk
95%
Zielony Banan 279 000 Katowice
95%
Zielony Banan 806 000 Kraków
95%
Zielony Banan 652 000 Łódź
95%
Europejski Banan 8 780 000 Londyn
95%
Zielony Banan 1 860 000 Warszawa
95%
Złoty Banan 1 710 000 Barcelona
92%
Zielony Banan 478 000 Bratysława
92%
Zielony Banan 326 000 Bydgoszcz
92%
Zielony Banan 291 000 Lublana
92%
Europejski Banan | Złoty Banan 1 370 000 Mediolan
92%
Europejski Banan 1 510 000 Monachium
92%
Europejski Banan 943 000 Amsterdam
89%
Region String 1 860 000 Hamburg
89%
Zatoka Fińska 684 000 Helsinki
89%
Oś Atlantycka 546 000 Lizbona
89%
Region String 724 000 Oslo
89%
Zatoka Fińska 5 650 000 Petersburg
89%
Zatoka Fińska 996 000 Sztokholm
89%
Region String 667 000 Kopenhaga
86%
Złoty Banan 886 000 Marsylia
86%
Zatoka Fińska 457 000 Tallinn
86%
Europejski Banan | Złoty Banan 857 000 Turyn
86%
Zielony Banan 403 000 Brno
84%
Europejski Banan 1 030 000 Kolonia
84%
Europejski Banan 470 000 Manchester
84%
Zielony Banan 283 000 Ostrawa
84%
Region String 366 000 Malmö
81%
Europejski Banan 437 000 Zurych
81%
Europejski Banan 562 000 Antwerpia
78%
Europejski Banan 756 000 Frankfurt nad Menem
78%
Europejski Banan 674 000 Rotterdam
78%
Złoty Banan 842 000 Walencja
78%
Europejski Banan 1 120 000 Birmingham
76%
Europejski Banan 603 000 Dortmund
76%
Zielony Banan 305 000 Graz
76%
Europejski Banan 507 000 Liverpool
76%
Europejski Banan 613 000 Stuttgart
76%
Region String 609 000 Göteborg
70%
Złoty Banan 358 000 Nicea
70%
Złoty Banan 699 000 Saragossa
70%
Złoty Banan 515 000 Tuluza
70%
Europejski Banan 619 000 Düsseldorf
68%
Europejski Banan | Złoty Banan 564 000 Genua
68%
Europejski Banan 569 000 Haga
68%
Europejski Banan 575 000 Essen
65%
Europejski Banan 530 000 Norymberga
62%
Europejski Banan 536 000 Leeds
57%
Europejski Banan 294 000 Strasburg
57%
Złoty Banan 366 000 Alicante
51%
Region String 253 000 Kilonia
51%
Europejski Banan 323 000 Bonn
49%
Europejski Banan 378 000 Utrecht
46%
Europejski Banan 255 000 Werona
46%
Zatoka Fińska 321 000 Espoo
43%
Europejski Banan 318 000 Mannheim
43%
Złoty Banan 310 000 Montpellier
43%
Europejski Banan 273 000 Gandawa
41%
Złoty Banan 478 000 Murcja
41%
Europejski Banan 501 000 Sheffield
41%
Oś Atlantycka 296 000 Vigo
41%
Europejski Banan 263 000 Akwizgran
38%
Oś Atlantycka 251 000 A Coruña
35%
Europejski Banan 301 000 Augsburg
35%
Europejski Banan 344 000 Coventry
35%
Europejski Banan 407 000 Leicester
35%
Europejski Banan 359 000 Bochum
32%
Europejski Banan 502 000 Duisburg
32%
Zatoka Fińska 251 000 Vantaa
30%
Europejski Banan 289 000 Wiesbaden
30%
Europejski Banan 268 000 Gelsenkirchen
27%
Europejski Banan 309 000 Karlsruhe
27%
Europejski Banan 300 000 Nottingham
27%
Europejski Banan 358 000 Wuppertal
27%
Oś Atlantycka 270 000 Gijón
22%
Europejski Banan 308 000 Münster
22%
Europejski Banan 267 000 Mönchengladbach
19%
Złoty Banan 292 000 L'Hospitalet de Llobregat
16%
Europejski Banan 334 000 Bradford
14%
Europejski Banan 276 000 Derby
14%
Europejski Banan 271 000 Kingston upon Hull
14%
Europejski Banan 261 000 Stoke-on-Trent
8%
Nie znaleziono quizów pasujących do podanych kryteriów
Rozkład punktacji
Procent ludzi z każdym wynikiem
Percentyl według liczby udzielonych odpowiedzi
Twoja historia wyników
Nie rozwiązałeś tego quizu od ostatniego zresetowania